000
00299nam a22001337a 4500
008
181101b xxu||||| |||| 00| 0 eng d
020
_a
9780205129072
041
_a
eng
080
_a
316
100
_a
50
101
_a
SOC
245
_a
Evaluating Social Programs
_c
Chambers,D,E
942
_2
udc
_c
BK
999
_c
51479
_d
51479